000 00884nam a2200253Ia 4500
003 OSt
005 20221002045658.0
006 a|||||r|||| 00| 0
007 ta
008 220930b |||||||| |||| 00| 0 hin d
020 _a9788126716524 (hbk)
024 _a2338
037 _bGift, 13/02/2013,
_cReference Collections
040 _aCRL
_cCRL
_bhin
041 _2hin
_ahin
082 _aO152:gk, P9(RR)
100 _aअमरनाथ
245 0 _aहिन्दी आलोचना की पारिभाड्ढिक शब्दावली
260 _aनयी
_bदिल्ली राजकमल प्रकाशन
_c2009
300 _a566पृ0
_ccm.
650 _aहिन्दी साहित्य
942 _hO152:gk, P9(RR)
_cref
_2CC
999 _c912963
_d912963